Fatih minberinden müʼminlere hutbeler. (Record no. 50851)

MARC details
000 -LEADER
fixed length control field 00661cam a22002411 4500
001 - CONTROL NUMBER
control field ne 68003864
003 - CONTROL NUMBER IDENTIFIER
control field DLC
005 - DATE AND TIME OF LATEST TRANSACTION
control field 20260227111847.0
008 - FIXED-LENGTH DATA ELEMENTS--GENERAL INFORMATION
fixed length control field 921123m19669999tu b 000 0 tur
010 ## - LIBRARY OF CONGRESS CONTROL NUMBER
LC control number ne 68003864
035 ## - SYSTEM CONTROL NUMBER
System control number (OCoLC)27019825
040 ## - CATALOGING SOURCE
Original cataloging agency DLC
Transcribing agency CU
Modifying agency CU
-- DLC
041 0# - LANGUAGE CODE
Language code of text/sound track or separate title turara
042 ## - AUTHENTICATION CODE
Authentication code premarc
050 00 - LIBRARY OF CONGRESS CALL NUMBER
Classification number BP183.6
Item number .G8
100 1# - MAIN ENTRY--PERSONAL NAME
Personal name Güzelyazıcı, Abdurrahman Şeref.
245 10 - TITLE STATEMENT
Title Fatih minberinden müʼminlere hutbeler.
260 ## - PUBLICATION, DISTRIBUTION, ETC.
Place of publication, distribution, etc. İstanbul,
Name of publisher, distributor, etc. Çeltüt Matbaacılık,
Date of publication, distribution, etc. 1966-
300 ## - PHYSICAL DESCRIPTION
Extent v.
Dimensions 23 cm.
500 ## - GENERAL NOTE
General note Turkish or Arabic.
504 ## - BIBLIOGRAPHY, ETC. NOTE
Bibliography, etc. note Includes bibliographies.
650 #0 - SUBJECT ADDED ENTRY--TOPICAL TERM
Topical term or geographic name entry element Islamic sermons, Turkish.

No items available.

Powered by Koha